El Crimen como oficio Ensayos sobre economa̕ del crimen en Colombia

Detalles Bibliográficos
Formato: eBook
Lenguaje:español
Publicado: Bogot:̀ Ediciones de la U, 2014
Materias:
Acceso en línea:Acceso restringido

MARC

LEADER 00000nam a22000007a 4500
005 20181031121720.0
007 cr|||| ||||
008 181031s2014 co |||||s|||| 00||0 spa d
020 |a 978-958-762-226-3 
035 |a 22133 
040 |a vLex 
090 |c 8250  |d 8250 
245 0 0 |a El Crimen como oficio  |h [Recurso electrn̤ico] :  |b Ensayos sobre economa̕ del crimen en Colombia 
256 |a Servicio en ln̕ea 
260 |a Bogot:̀  |b Ediciones de la U,  |c 2014 
300 |a 1 recurso electrn̤ico 
506 1 |a Disponible solo en los productos indicados  |d vLex Global  |d vLex Global (Academic Edition, excluding Law Schools)  |d vLex Global (U.S. Academic Edition, Law Schools)  |d vLex Global (U.S. Academic Edition, excluding Law Schools)  |d vLex Global (Academic Edition, Law Schools) 
650 0 4 |a Derecho Penal  |z Colombia 
740 0 |a vLex Libros (Servicio en ln̕ea) 
856 4 0 |u http://vlex.com/source/crimen-como-oficio-ensayos-sobre-economia-del-crimen-en-colombia-22133  |z Acceso restringido 
942 |c BOOK 
999 0 |a Criminal law